| 000 | 00876nam0a22002531 4500 | ||
|---|---|---|---|
| 001 | rc\2632230 | ||
| 005 | 20250623150025.0 | ||
| 035 | _a(NLR Aleph) 006795650 | ||
| 090 |
_a6190144 _c6190144 |
||
| 100 | _a20110914d1932 |||y0rusy50 ca | ||
| 101 | 0 | _arus | |
| 102 | _aRU | ||
| 105 | _aa z ||||| | ||
| 200 | 1 |
_aЛьды Финского залива _eИз практики ледокольного дела _fБ. М. Бачманов |
|
| 210 |
_aЛенинград _aМосква _cГострансиздат _d1932 _e[Ленинград] _gтип. "Сов. печатник" |
||
| 215 |
_aОбл., 39 с. _cил. _d18х13 см. |
||
| 320 | _aБиблиогр.: литература (3 назв.) | ||
| 700 | 1 |
_aБачманов _bБ.М. |
|
| 801 | 0 |
_aRU _bNLR _gpsbo |
|
| 801 | 1 |
_aRU _bELAR _2rusmarc |
|
| 852 |
_aNLR _j32-8/11494 |
||
| 942 | _cBOOK | ||
| 980 | _aNB | ||